00563pab a2200181 454500008004000000100002300040245004400063260000900107300001300116362001000129650004200139650002800181773003400209908000600243909001000249999001700259952010500276180718b2012 xxu||||| |||| 00| 0 eng d aNautiyal, Annpurna aUttarakhand 2012: Who gained, who lost? c2012 ap.21-24. a7 Apr aUttarakhand - Politics and government aPolitics and government aEconomic and Political Weekly aN a96350 c96350d96350 00104070aIIPAbIIPAd2018-07-19hVolume no: 47, Issue no: 14pAR96810r2018-07-19w2018-07-19yAR